Negyven év a katedrán
Elmentve itt :
| Szerző: | |
|---|---|
| Dokumentumtípus: | Cikk |
| Megjelent: |
1980-03-06
|
| Sorozat: | Délmagyarország
70 No. 55 |
| Kulcsszavak: | Fontos Sándor |
| Online Access: | http://dmarchiv.bibl.u-szeged.hu/93816 |
| LEADER | 00450nab a2200157 i 4500 | ||
|---|---|---|---|
| 001 | delm93816 | ||
| 005 | 20190607103507.0 | ||
| 008 | 190607s1980 hu o 0|| hun d | ||
| 040 | |a SZTE Délmagyarország Archívum |b hun | ||
| 041 | |a hun | ||
| 100 | 1 | |a Somogyi Károlyné | |
| 245 | 1 | 0 | |a Negyven év a katedrán |h [elektronikus dokumentum] / |c Somogyi Károlyné |
| 260 | |c 1980-03-06 | ||
| 300 | |a 5 | ||
| 490 | 0 | |a Délmagyarország |v 70 No. 55 | |
| 695 | |a Fontos Sándor | ||